000 01683nam0a2200373 4500
001 RU\NLR\bibl\1715499
005 20250616070509.0
010 _a978-5-812-51511-9
_9250
021 _aRU
_b2010-91200
_96130
035 _a(NLR Aleph) 001706513
090 _a1253316
_c1253316
100 _a20101217d2010 |||y0rusy50 ca
101 0 _arus
_deng
102 _aRU
105 _aa |||||||||
200 1 _aСистемная модернизация: институты, управление и сценарии
_fН.А. Атаканов
_gФедер. агентство по образованию, ГОУ ВПО "Рос. экон. ун-т им. Г.В. Плеханова", Фак. менежджмента, Каф. гос. и муницип упр.
210 _aМосква
_cГриф и К
_d2010
215 _a305 с.
_cил.
_d21
300 _aНа обороте тит. л. авт.: Атаканов Н.А. к.э.н., докторант
300 _aРез. на англ. яз.
320 _aБиблиогр.: с. 286-296
607 _aКыргызская Республика
_xНародное хозяйство
_xМодернизация
_92624378
_3RU\NLR\auth\661560938
607 _aПостсоветские страны
_xНародное хозяйство
_92581271
_3RU\NLR\AUTH\661525935
686 _aУ03(2Ки)74
686 _aУ9(2)-551(2Ки)
686 _aУ03(2)74
700 1 _aАтаканов
_bН. А.
_gНурбек Аманжолович
_4070
801 0 _aRU
_bNLR
_c20101217
_gRCR
801 1 _aRU
_bNLR
_c20101217
830 _aавт. по кн.
942 _cBOOK
980 _aNB